| 000 | 00552nam a2200193 a 4500 | ||
|---|---|---|---|
| 001 | BRCA_661 | ||
| 005 | 20190320203110.0 | ||
| 008 | 160408s1997----mx-a---###---#000-0#spa-# | ||
| 041 | _aspa | ||
| 044 | _amx | ||
| 050 | 4 |
_aN910.L5 _b.L56 1997 |
|
| 245 | 1 | 0 |
_aLinares _bel caminar de un pueblo. |
| 260 |
_aLinares, Nuevo León _bMuseo de Linares _c1997 |
||
| 300 |
_a78 p. _bil. a color _c23 cm. |
||
| 500 | _aIncluye glosario | ||
| 610 | 2 | 4 |
_aMuseo de Linares _vGuías _zNuevo León _92203 |
| 651 | 4 |
_aLinares (Nuevo León) _xHistoria _92204 |
|
| 942 |
_2lcc _cB |
||
| 999 |
_c572 _d572 |
||